00459nam a2200193 a 4500001001300000003000900013005001700022008004100039020001000080082001600090100001300106245002100119260002900140300000800169500003500177505001700212650002300229700001300252nice12345678IN_TiNIC20260116011628.0050524s1947 teha grp 000 0 per  ac10000a232.96bGIB aGibbs, D aShah Rah-I-Salib aTehranbMehr Pressc1947 a48p aincludes index and biblioraphy2 aBibliography aJesus Christ-Death1 aGibbs, D